Strain rate testing of metallic materials and their modelling for use in CAE based automotive crash simulation tools (recommendations and procedures) (Record no. 75551)
[ view plain ]
| 000 -LEADER | |
|---|---|
| fixed length control field | 01463nam a2200337Ia 4500 |
| 100 1# - MAIN ENTRY--AUTHOR NAME | |
| Personal name | Wood, P. K. C. |
| 245 10 - TITLE STATEMENT | |
| Title | Strain rate testing of metallic materials and their modelling for use in CAE based automotive crash simulation tools (recommendations and procedures) |
| 260 ## - PUBLICATION, DISTRIBUTION, ETC. (IMPRINT) | |
| Place of publication | Shawbury, U.K. : |
| Name of publisher | Smithers Rapra, |
| Year of publication | 2009. |
| 300 ## - PHYSICAL DESCRIPTION | |
| Number of Pages | vii, 93 p. : |
| Other physical details | ill. |
| 650 #0 - SUBJECT ADDED ENTRY--TOPICAL TERM | |
| Topical Term | Automobiles |
| Topical Term | Automobiles |
| Topical Term | Automobiles |
| Topical Term | Metals |
| Topical Term | Alloys |
| 700 1# - ADDED ENTRY--PERSONAL NAME | |
| Personal name | Schley, C. A. |
| 856 40 - ELECTRONIC LOCATION AND ACCESS | |
| Uniform Resource Identifier | http://site.ebrary.com/lib/rucke/Doc?id=10292340 |
No items available.
